| 000 | 00412nam a2200157 a 4500 | ||
|---|---|---|---|
| 001 | 2663 | ||
| 003 | CDMR | ||
| 005 | 20130319120549.0 | ||
| 008 | 130130s1996||||||||||||||||||||||||||||d | ||
| 040 |
_aCDMR _bcat _cCPC LLEIDA |
||
| 100 | 1 |
_aMateo Gambarte, Eduardo _91998 |
|
| 245 | 1 | 4 |
_aLos niños de la guerra _cEduardo MATEO GAMBARTE |
| 260 |
_aLleida _c1996 _bPagès |
||
| 490 | 0 | _aEl Fil d'Ariadna | |
| 942 |
_cMON _2udc |
||
| 999 |
_c2663 _d2663 |
||